000 01008nam a2200265Ia 4500
001 19562
003 GE_BSU
008 181216s||||||||xx |||||||||||||| ||und||
020 _a9994067508
040 _cGE_BSU
080 _a01
100 _aგორგიშელი,ია
245 _aგვჭირდება თუ არა ეროვნული ბიბლიოგრაფია
245 _cრედ. ზაზა აბაშიძე
250 _aსაქ. პარლამენტის ეროვნული ბიბლ-კა
260 _aთბილისი
260 _bსაქ. პარლამ. ეროვნული ბიბლიოთეკა
260 _c2006
300 _a27გვ.
541 _h2ლ.26თ.
653 _aბიბლიოთეკარი
653 _aგვჭირდება თუ არა ეროვნული ბიბლიოგრაფია
653 _aქსეროქსი
942 _cBK
999 _c52538
_d52538